00530nam a22001697a 450000500170000001000280001702000260004503500170007103500140008803700290010208200080013110000150013924500650015426000470021927000730026630000210033920240321115617.0 aB-755977-986 ENG-139872 a9789390157198c995.00 aB-755977-986 aEN-123404 aD.P.S. Publishing House  a510 aGarg,Vijay aNDA/NA Mathematics;bTopic-wise Solved Papers /cVijay Garg  aNew Delhi bD.P.S. Publishing House c2023 a4598/12B, Gola Cottage, Ansari Road, Darya Ganj bNew Delhi e110002 a586p.c24cm(Pbk)